000 00755nam a2200217 a 4500
001 000009993
005 20240412074214.0
008 091002s2005 dr g n 000 p spa d
040 _aDO-SdBNP
_bspa
_cBNPHU
082 _aRD861.44
_bV732m
100 1 _aVillegas, Víctor,
_d1924-
_97800
245 1 3 _aLa muerte al borde de la muerte :
_bpoema /
_cVíctor Villegas ; edición Monchy Arias.
260 _aSanto Domingo :
_bLógica Creativa,
_c2005.
300 _a77 p. ;
_c22 cm.
500 _aIncluye datos biográficos del autor en la contracubierta.
590 _aInventariado, 2019 / DG
650 0 _aPoesía dominicana
_966
650 0 _aLiteratura dominicana.
_967
700 1 _aArias, Monchy,
_eed.
_924938
910 _aValidado. Control de calidad EMS
999 _c9752
_d9752